Directors by Movie Franchises - Statistics

General Stats
  • This quiz has been taken 65 times
  • The average score is 8 of 15
Answer Stats
Film Franchise Film Director % Correct
Star WarsAmerican Graffiti George Lucas
100%
JawsIndiana Jones Jurassic Park Steven Spielberg
98%
Pee-Wee HermanBeetlejuice Batman Planet of the Apes Alice in Wonderland The Addams Family Tim Burton
87%
Mission: ImpossibleStar Trek Star Wars J.J. Abrams
74%
Home AloneHarry Potter Percy Jackson and the Olympians The Christmas Chronicles Chris Columbus
67%
300Superman Batman Justice League Army of the Dead Rebel Moon Zack Snyder
66%
Star WarsKnives Out Rian Johnson
64%
Buffy the Vampire SlayerThe Avengers Justice League Joss Whedon
56%
X-MenSuperman Bryan Singer
46%
CloverfieldPlanet of the Apes Batman Matt Reeves
44%
Toy StoryCars John Lasseter
36%
The OmenSuperman Lethal Weapon Richard Donner
36%
The Addams FamilyMen in Black A Series of Unfortunate Events Barry Sonnenfeld
28%
Step UpG.I. Now You See Me Wicked Jon M. Chu
25%
Fast and FuriousMen in Black F. Gary Gray
16%
No matching quizzes found
Score Distribution
Percent of People with Each Score
Percentile by Number Answered
Your Score History
You have not taken this quiz